• 首页
  • 本馆介绍
  • 公告通知
  • 最新文献
  • 馆藏检索
  • 电子资源
  • 读者导购
  • 参考咨询
  • 我的图书馆
  • 登录
  • 详细信息显示
  • 放入我的书架
  • 预约/预借图书
  • 作者相关作品
  • 分类相关作品
  • 丛书相关作品
  • 出版社相关作品

书目信息

  • 表格格式
  • 工作单格式
  • 卡片格式
题名:
元首传
    
 
作者: 杨国荣
分册: 下  
出版信息: 北京   时事出版社  2006
页数: 566
开本: 20cm
丛书名:
单 册:
中图分类: K811 , K811
科图分类:
主题词: 人物--传记--世界
电子资源:
ISBN: 7-80009-782-X
000 00576nam0 2200205 450
001 2632789675
005 20260403090737.92
010    @a7-80009-782-X@dCNY49.00
100    @a20071007d km y0chiy0120 ea
101 0  @achi
200 1  @a元首传@Ayuan shou chuan@e百年风云录@h下@f杨国荣@Fyang guo rong
210    @a北京@c时事出版社@d2006
215    @a566@d20cm
517 1  @a百年风云录@Abai nian feng yun lu
606 0  @a人物@x传记@x世界
690    @aK811@v3
690    @aK811@v4
701  0 @a杨国荣@Ayang guo rong
801  0 @aCN@bPFT@c20071007
905    @a213230@dK811@e69:2@f1
    
    元首传:百年风云录.下/杨国荣.-北京:时事出版社,2006
    566;20cm
    
    
    ISBN 7-80009-782-X:CNY49.00
    
●
相关链接 在E读中查询图书 在五车中查询图书 在当当中查询图书 在豆瓣中查询图书


正题名:元首传     索取号:K811/69:2         预约/预借

序号 登录号 条形码 馆藏地/架位号 状态 备注
1 1442289   214422891   第二样本阅览室/ [索取号:K811/69:2] 在馆    
唐山师范学院图书馆 欢迎您!
大连网信软件有限公司© 版权所有